[Event "Saarland-ch A"]
[Site "Schiffweiler"]
[Date "2009.04.04"]
[Round "2"]
[White "Sehmer, Christophe"]
[Black "Steinberg, Ruediger"]
[Result "1/2-1/2"]
[WhiteElo "1685"]
[BlackElo "1795"]
[PlyCount "78"]
[EventDate "2009.04.03"]
[EventType "swiss"]
[EventRounds "9"]
[EventCountry "GER"]
[SourceTitle "EXT 2012"]
[Source "ChessBase"]
[SourceDate "2011.11.24"]
[SourceVersion "1"]
[SourceVersionDate "2011.11.24"]
[SourceQuality "1"]

1. e4 c5 2. d4 cxd4 3. c3 d3 4. Bxd3 Nc6 5. Nf3 d6 6. c4 g6 7. Nc3 Bg7 8. Bd2 Nf6 9. 0-0 0-0 10. Rc1 Nd7 11. Qe2 b6 12. b3 Bb7 13. Nd5 a5 14. Rfd1 e6 15. Ne3 Nde5 16. Nxe5 Bxe5 17. Ng4 Bd4 18. Bh6 Qe7 19. Bxf8 Rxf8 20. Bb1 e5 21. Qf3 f6 22. Ne3 Bc5 23. Nd5 Qf7 24. Rc3 Kg7 25. Qe2 Qd7 26. Rg3 Nd4 27. Qb2 Bxd5 28. cxd5 Nb5 29. Bd3 Nc7 30. Be2 f5 31. exf5 Qxf5 32. Rf3 Qe4 33. Rxf8 Kxf8 34. Bf3 Qf5 35. Qe2 Kg7 36. Be4 Qf7 37. h3 Qd7 38. a4 Qf7 39. Rf1 Ne8 1/2-1/2